Visualizzazione normale
Vista MARC
- Granados Rojas, Juan Manuel,
di Personal Name
Records bibliografici associati: 1
001 - CONTROL NUMBER
- control field: 61818
003 - CONTROL NUMBER IDENTIFIER
- control field:
005 - DATE AND TIME OF LATEST TRANSACTION
- control field: 20250317093802.0
008 - FIXED-LENGTH DATA ELEMENTS
- fixed length control field: 250317|| aca||aabn | a|a d
040 ## - CATALOGING SOURCE
- Original cataloging agency:
- Transcribing agency:
100 ## - HEADING--PERSONAL NAME
- Personal name: Granados Rojas, Juan Manuel,
- Titles and other words associated with a name: s.j.,
- Dates associated with a name: 1968-
670 ## - SOURCE DATA FOUND
- Source citation: Work cat.: ()360429: Granados Rojas, Juan Manuel, s.j., 1968-, autore, A difesa e conferma del Vangelo :